| 000 | 01208nac a22004334a 4500 | ||
|---|---|---|---|
| 001 | UByD003044 | ||
| 003 | AR-LpoUNG | ||
| 005 | 20240823093757.0 | ||
| 008 | 240808s2023||||ag abdog 000|0 spa d | ||
| 020 | _a97895066585969 | ||
| 040 |
_aAR-LpoUNG _bspa _eaacr |
||
| 041 | 0 | _aspa | |
| 044 | _aag | ||
| 082 | 0 | _aR911.82 432v4 | |
| 100 | 1 |
_aVelázquez, Guillermo _edir. |
|
| 245 | 1 | 0 |
_aAtlas histórico y geográfico de la Argentina : _bmundo del trabajo |
| 250 | _a1ra. ed. | ||
| 260 |
_aTandil : _bUniversidad Nacional del Centro de la Provincia de Buenos Aires, _c2023. |
||
| 300 |
_a381 p. : _bgráfs., fot., tbls., mapas. |
||
| 650 | 4 | _aANALISIS HISTORICO | |
| 650 | 4 | _aASPECTOS ECONOMICOS | |
| 650 | 4 | _aANALISIS SOCIOLOGICO | |
| 650 | 4 | _aHISTORIA ECONOMICA | |
| 650 | 4 | _aTRABAJO | |
| 650 | 4 | _aTRABAJADORES | |
| 650 | 4 | _aASALARIADOS | |
| 650 | 4 | _aECONOMIA DEL SALARIO | |
| 650 | 4 | _aASPECTOS DEMOGRAFICOS | |
| 650 | 4 | _aPOBLACION | |
| 650 | 4 | _aHISTORIA SOCIAL | |
| 650 | 4 | _aHISTORIA POLITICA | |
| 650 | 4 | _aSINDICALISMO | |
| 650 | 4 | _aDICTADURA | |
| 650 | 4 | _aPOLITICA LABORAL | |
| 651 | 4 | _aARGENTINA | |
| 653 | 0 | _aPERONISMO | |
| 905 | _a14311 | ||
| 942 |
_cLSALA _2ddc |
||
| 999 |
_c65635 _d65635 |
||